000 00789cam a22002292 4500
001 0000023934
005 20151217152252.0
008 130419s xx 000 0 eng d
020 _a0443057680 :
040 _aKABU
_cKABU
100 1 _aThompson, Alastair M.
_@0000183737
245 1 0 _aFinals in surgery :
_ba guide to success in clinical surgery /
_cAlastair M. Thompson, Kenneth G. M. Park.
250 _a1st ed.
260 _aLondon :
_bChurchill Livingstone,
_c1997.
300 _a238 p.
650 0 _aDiagnosis, surgical.
_xExaminations, questions, etc.
_@0000183738
650 0 _aDiagnosis, surgical.
_xMethods.
_@0000183739
700 1 _aPark, Kenneth G. M.
_@0000183740
852 1 _9p400 KES
908 _a130419
950 _@1
999 _c10065
_d10065